| 000 | 00898nam a2200205Ia 4500 | ||
|---|---|---|---|
| 003 | IN-BaIIA | ||
| 008 | 211028s9999 xx 000 0 eng d | ||
| 040 | _cIIA Library | ||
| 080 |
_a524.5(082.2) _bTHE |
||
| 111 |
_aConference on the Distribution and Motion of Interstellar Matter in Galaxies _cPrinceton, New Jersey _d1961 Apr. 10-20 _94117 |
||
| 245 | 4 |
_aThe distribution and motion of interstellar matter in galaxies _bproceedings of a conference on the distribution and motion of interstellar matter in galaxies, held in Princeton, New Jersey, April 10-20, 1961 _cedited by L. Woltjer |
|
| 260 |
_aNew York _bW. A. Benjamin _c1962 |
||
| 300 | _axiii, 330p. | ||
| 490 | _aBenjamin books in the planetary and earth sciences | ||
| 650 | _aAstronomy and astrophysics thesaurus | ||
| 650 |
_aGalaxy _93368 |
||
| 650 |
_aInterstellar matter _91189 |
||
| 700 |
_aWoltjer, L., ed. _94118 |
||
| 942 | _cBK | ||
| 999 |
_c2299 _d2299 |
||